000 00339nam a2200133 i 4500
001 bg
100 1 _aTYRAKOWSKI, Witold
245 0 _aWspólnoty życia i śmierci :
_bo miejsce na Ziemi /
_cWitold Tyrakowski.
260 _aWarszawa,
_c1973.
040 _cBPK
041 _apol
942 _cKS
008 s pl f |000 0 pol
999 _c26550
_d26550
856 _uhttp://koha.tu.koszalin.pl/cgi-bin/koha/opac-detail.pl?biblionumber=26550
_yKatalog online BPK